La racionalización teológica del pecado original (Registro nro. 49882)
[ vista simple ]
| 000 -LÍDER | |
|---|---|
| Campo fijo de descripción fija | 01047aab a2200193 i 4500 |
| 001 - NÚMERO DE CONTROL | |
| Campo de control | 768714001 |
| 003 - IDENTIFICADOR DEL NÚMERO DE CONTROL | |
| Campo de control | CO-MdFUSB |
| 005 - FECHA Y HORA DE LA ULTIMA TRANSACCIÓN | |
| control field | 20221110170937.0 |
| 008 - ELEMENTOS DE LONGITUD FIJA -- INFORMACIÓN GENERAL | |
| Campo fijo de descripción fija -- Información general | 221110s2004 sp ||||| |||| 00| 0 spa d |
| 040 ## - FUENTE DE CATALOGACIÓN | |
| Idioma de catalogación | spa |
| Agencia que realiza la transcripción | CO-MdFUSB |
| Agencia que realiza la modificación | CO-MdFUSB |
| 041 ## - CÓDIGO DE IDIOMA | |
| Código de idioma para texto/pista de sonido o título separado | spa |
| 100 1# - ASIENTO PRINCIPAL--NOMBRE PERSONAL | |
| Nombre personal | Sesboüé, Bernard |
| Término relacionador | autor |
| 245 10 - TÍTULO | |
| Título | La racionalización teológica del pecado original |
| Mención de responsabilidad | / Bernard Sesboüé |
| 300 ## - DESCRIPCIÓN FÍSICA | |
| Extensión | Número 304, (febrero, 2004), páginas 11- 20 |
| Dimensiones | ; 21 cm |
| 520 ## - NOTA DE RESUMEN, ETC. | |
| Nota de sumario, etc. | En la dificilísima cuestión dificultades del pecado original, el orden de la exposición es tan importante como su contenido. Una de las causas de las dificultades planteadas a estas doctrinas en los tiempos modernos se debe al desplazamiento de su centro de gravedad, de la realidad pecadora de la humanidad, hacia el pecado de los orígenes, comprendido como la causa arbitraria de una condena a priori de todo el género humano. |
| 653 ## - TÉRMINO DE INDIZACIÓN - NO CONTROLADO | |
| Término no controlado | Pecado original |
| 773 0# - ASIENTO DE ITEM FUENTE | |
| Título | Concilium |
| Biblionumber | 49450 |
| Itemnumber | 60411 |
| Parte(s) relacionada(s) / Volumen., número. (mes año), páginas | Número 304, (febrero, 2004), páginas 11- 20 |
| Enumeración y primera página | páginas 11 |
| 942 ## - TIPO DE MATERIAL (KOHA) | |
| Tipo de Item KOHA | Artículos de Revista |
No hay ítems disponibles.
